000 00270nam a2200109Ia 4500
008 201216s9999 xx 000 0 und d
100 _aPopham, W.J.
245 0 _aClassroom instructional tactics
260 _aEnglewood Cliffs
_bPrentice Hall
300 _a158
942 _cBK
999 _c6584
_d6584